00566nam a22001692 4500001001100000005001700011008004100028020001700069040001500086245016500101250001400266260002900280300001900309650003500328700003000363852000300393000001887420151217152137.0100811s xx 000 0 eng d a812390911x : aKABUcKABU10aSavill's system of clinical medicine :bdealing with the diagnosis, prognosis and treatment of disease for students and practitioners /cedited by E. C. Warner. a14th ed. aNew Delhi :bCBS,c1964. axxiv, 1496 p. 0aClinical medicine.@00001449351 aWarner, E. C.@00001783161